Welcome to the Holygrace Academy Library

Please use search bar below to get started

THE STRANGE CASE OF DR. JERYLL AND MR. HYDE (Record no. 4903)

MARC details
000 -LEADER
fixed length control field 00353nam a22001457a 4500
020 ## - INTERNATIONAL STANDARD BOOK NUMBER
ISBN 0-7214-0884-2
082 ## - DEWEY DECIMAL CLASSIFICATION NUMBER
Classification number 823
Item number STE/S
100 ## - MAIN ENTRY--AUTHOR NAME
Personal name STEVENSON, ROBERT LOUIS
245 ## - TITLE STATEMENT
Title THE STRANGE CASE OF DR. JERYLL AND MR. HYDE
260 ## - PUBLICATION, DISTRIBUTION, ETC. (IMPRINT)
Place of publication UK
Name of publisher LADYBIRD
300 ## - PHYSICAL DESCRIPTION
Number of Pages 51
520 ## - SUMMARY, ETC.
Summary, etc ENGLISH SHORT STORY
650 ## - SUBJECT ADDED ENTRY--TOPICAL TERM
Topical Term ENGLISH SHORT STORY
Geographic subdivision UK
942 ## - ADDED ENTRY ELEMENTS (KOHA)
Koha item type Books
Holdings
Withdrawn status Lost status Collection code Home library Current library Shelving location Date acquired Source of acquisition Full call number Accession Number Koha item type
    Fiction Main Library Main Library SHELF-3-H-LADYBIRD STORY BOOKS 27/03/2014 PURCHASE 823 STE/S 08331 Books